Voyeur (Record no. 222902)
[ view plain ]
| 000 -LEADER | |
|---|---|
| fixed length control field | 00932nam a22002297a 4500 |
| 005 - DATE AND TIME OF LATEST TRANSACTION | |
| control field | 20260202094745.0 |
| 008 - FIXED-LENGTH DATA ELEMENTS--GENERAL INFORMATION | |
| fixed length control field | 220512b ||||| |||| 00| 0 eng d |
| 040 ## - CATALOGING SOURCE | |
| Transcribing agency | Aloy |
| 041 ## - LANGUAGE CODE | |
| Language code of text/sound track or separate title | eng |
| 082 ## - DEWEY DECIMAL CLASSIFICATION NUMBER | |
| Edition number | 23 |
| Classification number | 853.912 |
| Item number | MORV |
| 100 ## - MAIN ENTRY--PERSONAL NAME | |
| Personal name | Alberto Moravia |
| 100 ## - MAIN ENTRY--PERSONAL NAME | |
| 9 (RLIN) | 253446 |
| 245 ## - TITLE STATEMENT | |
| Title | Voyeur |
| 260 ## - PUBLICATION, DISTRIBUTION, ETC. | |
| Place of publication, distribution, etc. | Calcutta: |
| Name of publisher, distributor, etc. | Rupa & Co, |
| Date of publication, distribution, etc. | 1993. |
| 300 ## - PHYSICAL DESCRIPTION | |
| Extent | vi,186p. |
| Other physical details | PB |
| Dimensions | 20x13cm. |
| 365 ## - TRADE PRICE | |
| Source of price type code | English |
| Price amount | 60.00 |
| Currency code | ₹ |
| Unit of pricing | 60.00 |
| 520 ## - SUMMARY, ETC. | |
| Summary, etc. | Edoardo, ex-left-wing militant turned professor of French, is a voyeur of life and love. Family and other problems haunt him, and he discovers that he has been unable to see for looking. By the Italian author of "The Woman of Rome" and "Contempt", whose books were banned during the years of fascism. |
| 650 ## - SUBJECT ADDED ENTRY--TOPICAL TERM | |
| Topical term or geographic name entry element | Italian English Fiction |
| 9 (RLIN) | 36438 |
| 650 ## - SUBJECT ADDED ENTRY--TOPICAL TERM | |
| Topical term or geographic name entry element | Italian English Literature |
| 9 (RLIN) | 36439 |
| 650 ## - SUBJECT ADDED ENTRY--TOPICAL TERM | |
| Topical term or geographic name entry element | Italian Fiction Tr in English |
| 9 (RLIN) | 36440 |
| 700 ## - ADDED ENTRY--PERSONAL NAME | |
| Personal name | Parks Tim Tr |
| 9 (RLIN) | 36442 |
| 942 ## - ADDED ENTRY ELEMENTS (KOHA) | |
| Source of classification or shelving scheme | Dewey Decimal Classification |
| Koha item type | George Fernandes Collections |
| Withdrawn status | Lost status | Source of classification or shelving scheme | Damaged status | Not for loan | Collection code | Home library | Current library | Date acquired | Total Checkouts | Full call number | Barcode | Date last seen | Price effective from | Koha item type |
|---|---|---|---|---|---|---|---|---|---|---|---|---|---|---|
| Dewey Decimal Classification | English | St Aloysius Library | St Aloysius Library | 03/24/2013 | 853.912 MORV | GF02378 | 05/12/2022 | 05/12/2022 | George Fernandes Collections |